| 000 | 00874nam a2200205 a 4500 | ||
|---|---|---|---|
| 003 | 0 | ||
| 005 | 20250428100522.0 | ||
| 008 | 050808s19uu xx 00 eng d | ||
| 050 |
_aPHS HC 445 _b.B45 2005 |
||
| 100 | _aBella, Maria Elizabeth Jean E. | ||
| 245 |
_aEffects of the top 3 market capitalized companies in the Philippines on the Philippine economy in terms of the Gross Domestic Product or GDP / _cMaria Elizabeth Jean E. Bella. |
||
| 260 |
_aLas PiƱas City, Philippines : _bSouthville International School and Colleges, _c2005. |
||
| 300 |
_a36 pages : _billustrations ; _c28 cm. |
||
| 504 | _aIncludes bibliographical references. | ||
| 650 |
_2Library of Congress Subject Headings _aGross domestic product _zPhilippines. |
||
| 650 |
_aCorporations _zPhilippines _yFinance. |
||
| 650 |
_aPhilippines _xEconomic conditions |
||
| 942 |
_2lcc _cPASS |
||
| 999 |
_c97189 _d97189 |
||